[Event "Golden Sands Europe op 3rd"]
[Site "Golden Sands"]
[Date "2014.06.12"]
[Round "3"]
[White "Lotfy, Abdel Rahman"]
[Black "Manea, Alexandru"]
[Result "1/2-1/2"]
[WhiteElo "2154"]
[BlackElo "2386"]
[PlyCount "30"]
[EventDate "2014.06.10"]
[EventType "swiss"]
[EventRounds "9"]
[EventCountry "BUL"]
[SourceTitle "CBM 160 Extra"]
[Source "ChessBase"]
[SourceDate "2014.07.01"]
[SourceVersion "1"]
[SourceVersionDate "2014.07.01"]
[SourceQuality "1"]

1. d4 g6 2. c4 Bg7 3. Nc3 d6 4. e4 Nc6 5. Be3 e5 6. Nge2 exd4 7. Nxd4 Nf6 8. Be2 0-0 9. f3 Nxd4 10. Bxd4 Be6 11. 0-0 Nd7 12. Bxg7 Kxg7 13. f4 f5 14. exf5 Bxf5 15. Bf3 Rb8 1/2-1/2

[Event "Albena Masters op"]
[Site "Albena"]
[Date "2014.06.07"]
[Round "7"]
[White "Lotfy, Abdel Rahman"]
[Black "Danov, Lyubomir"]
[Result "0-1"]
[WhiteElo "2154"]
[BlackElo "2260"]
[PlyCount "60"]
[EventDate "2014.06.01"]
[EventType "swiss"]
[EventRounds "9"]
[EventCountry "BUL"]
[SourceTitle "CBM 160 Extra"]
[Source "ChessBase"]
[SourceDate "2014.07.01"]
[SourceVersion "1"]
[SourceVersionDate "2014.07.01"]
[SourceQuality "1"]

1. d4 g6 2. c4 Bg7 3. Nc3 c5 4. d5 d6 5. e4 e6 6. Nf3 exd5 7. cxd5 a6 8. a4 Bg4 9. Qb3 Bxf3 10. Qxb7 Bxg2 11. Bxg2 Nd7 12. 0-0 Ne7 13. Qb3 0-0 14. f4 Kh8 15. Qc2 Rb8 16. Qd3 Qa5 17. f5 gxf5 18. Qh3 Rg8 19. Kh1 Be5 20. exf5 Nf6 21. Bf3 Rb3 22. Bd1 Rb4 23. Ra3 c4 24. Bf3 Qb6 25. a5 Qb7 26. Ne4 Nxe4 27. Bxe4 c3 28. Qh4 Qxd5 29. Re1 Nxf5 30. Qf2 Rxe4 0-1

[Event "Albena Masters op"]
[Site "Albena"]
[Date "2014.06.03"]
[Round "3"]
[White "Lotfy, Abdel Rahman"]
[Black "Velikov, Petar"]
[Result "1/2-1/2"]
[WhiteElo "2154"]
[BlackElo "2415"]
[PlyCount "93"]
[EventDate "2014.06.01"]
[EventType "swiss"]
[EventRounds "9"]
[EventCountry "BUL"]
[SourceTitle "CBM 160 Extra"]
[Source "ChessBase"]
[SourceDate "2014.07.01"]
[SourceVersion "1"]
[SourceVersionDate "2014.07.01"]
[SourceQuality "1"]

1. d4 d6 2. c4 e5 3. Nc3 c6 4. Nf3 Qc7 5. e4 Bg4 6. Be2 Nd7 7. Be3 Be7 8. d5 Ngf6 9. 0-0 0-0 10. Rc1 Rfc8 11. Nd2 Bxe2 12. Qxe2 Qd8 13. f4 exf4 14. Rxf4 Ne5 15. Rcf1 Nfd7 16. Nf3 Nxf3+ 17. R4xf3 Ne5 18. Rf5 g6 19. R5f2 Bf8 20. Bf4 Rc7 21. c5 Bg7 22. Rd1 Rd7 23. cxd6 Rxd6 24. Rdf1 Rd7 25. h3 Qe7 26. Kh1 Re8 27. Qe3 Qb4 28. a3 Qb6 29. Qg3 Qb3 30. Bg5 Nc4 31. Qg4 Ne5 32. Qg3 cxd5 33. exd5 Rxd5 34. Qh4 Rd3 35. Ne4 f5 36. Nc5 Qf7 37. Nxd3 Nxd3 38. Rd2 Nxb2 39. Re1 Rxe1+ 40. Qxe1 h6 41. Bf4 Nc4 42. Rd8+ Kh7 43. Qd1 g5 44. Rd7 Qf6 45. Bg3 Ne3 46. Qe1 f4 47. Bf2 1/2-1/2

[Event "Assiut op 5th"]
[Site "Assiut"]
[Date "2009.08.08"]
[Round "5"]
[White "Lotfy, Abdel Rahman"]
[Black "Rahman, Yehya"]
[Result "1-0"]
[WhiteElo "2149"]
[BlackElo "2293"]
[PlyCount "88"]
[EventDate "2009.08.04"]
[EventType "swiss"]
[EventRounds "9"]
[EventCountry "EGY"]
[SourceTitle "EXT 2010"]
[Source "ChessBase"]
[SourceDate "2010.11.25"]
[SourceVersion "1"]
[SourceVersionDate "2010.11.25"]
[SourceQuality "1"]

1. d4 d5 2. c4 Nc6 3. Nf3 Bg4 4. Qa4 Bxf3 5. exf3 e6 6. Nc3 dxc4 7. Be3 Bb4 8. Bxc4 a6 9. Qd1 Nf6 10. 0-0 Bxc3 11. bxc3 Nd5 12. Qc2 0-0 13. Rfe1 Qd7 14. a3 h6 15. Bd3 Nf6 16. Qd2 h5 17. Bh6 Ne8 18. Bg5 b5 19. Qe2 Nd6 20. f4 g6 21. Qf3 Nc4 22. Ra2 f5 23. a4 Rae8 24. axb5 axb5 25. Rae2 Nd6 26. d5 exd5 27. Qxd5+ Kh7 28. Bxb5 Rxe2 29. Rxe2 Rb8 30. c4 Qg7 31. h3 Nb4 32. Qc5 Ne4 33. Qxb4 c6 34. f3 Nxg5 35. fxg5 Qd4+ 36. Kh1 cxb5 37. Qe7+ Kh8 38. cxb5 Qg7 39. Qxg7+ Kxg7 40. Rb2 Kf7 41. Kg1 Ke7 42. Kf2 Kd6 43. b6 Kc6 44. Ke3 Kb7 1-0

[Event "Egypt op"]
[Site "Egypt"]
[Date "2009.07.22"]
[Round "3"]
[White "Lotfy, Abdel Rahman"]
[Black "Magdy, Andro"]
[Result "1-0"]
[WhiteElo "2149"]
[BlackElo "1891"]
[PlyCount "61"]
[EventDate "2009.07.20"]
[EventType "swiss"]
[EventRounds "9"]
[EventCountry "EGY"]
[SourceTitle "EXT 2011"]
[Source "ChessBase"]
[SourceDate "2010.11.26"]
[SourceVersion "1"]
[SourceVersionDate "2010.11.26"]
[SourceQuality "1"]

1. d4 Nf6 2. c4 c5 3. d5 d6 4. Nc3 g6 5. e4 Bg7 6. Nf3 0-0 7. Be2 e6 8. dxe6 Bxe6 9. 0-0 Qd7 10. Bf4 Rd8 11. Qd2 Nh5 12. Bg5 f6 13. Be3 Nc6 14. Rad1 Bf8 15. b3 Ng7 16. Qb2 Qf7 17. Bd2 Rd7 18. h3 Be7 19. Rfe1 Rad8 20. Bf4 a6 21. Be3 f5 22. Ng5 Bxg5 23. Bxg5 Ne7 24. Bf3 f4 25. Ne2 b5 26. cxb5 axb5 27. Nxf4 c4 28. bxc4 bxc4 29. Bh6 Ne8 30. Nxe6 Qxe6 31. Bg4 1-0

[Event "Golden Cleopatra op 7th"]
[Site "Cairo"]
[Date "2003.06.05"]
[Round "5"]
[White "Lotfy, Abdel Rahman"]
[Black "Ezat, Mohamed Mahmoud"]
[Result "0-1"]
[WhiteElo "2177"]
[BlackElo "2393"]
[PlyCount "78"]
[EventDate "2003.06.03"]
[EventType "swiss"]
[EventRounds "10"]
[EventCountry "EGY"]
[SourceTitle "CBM 094 Extra"]
[Source "ChessBase"]
[SourceDate "2003.07.09"]
[SourceVersion "2"]
[SourceVersionDate "2003.07.09"]
[SourceQuality "1"]

1. d4 Nf6 2. c4 c5 3. d5 e5 4. Nc3 d6 5. e4 g6 6. f3 Bg7 7. Be3 0-0 8. Nge2 Ne8 9. Qd2 f5 10. 0-0-0 f4 11. Bf2 a6 12. Ng1 Nc7 13. Kb1 Nd7 14. g4 b5 15. cxb5 axb5 16. Nxb5 Nxb5 17. Bxb5 Ba6 18. Bc6 Rb8 19. Ka1 Qc7 20. Bxd7 Qxd7 21. Ne2 Rb4 22. Rb1 Rb6 23. Nc3 Ra8 24. Rbc1 Bc4 25. Kb1 Qa7 26. Kc2 Rab8 27. Rb1 Rb4 28. b3 Qa3 29. Rhc1 Ba6 30. Kd1 Bf6 31. Qb2 Qa5 32. Qc2 Rc8 33. h3 Rd4+ 34. Bxd4 cxd4 35. b4 Qb6 36. Qf2 Bh4 37. Qxh4 dxc3 38. Qe1 Qd4+ 39. Kc2 Bd3+ 0-1

[Event "Golden Cleopatra op 7th"]
[Site "Cairo"]
[Date "2003.06.02"]
[Round "2"]
[White "Grunberg, Mihai Lucian"]
[Black "Lotfy, Abdel Rahman"]
[Result "1/2-1/2"]
[WhiteElo "2421"]
[BlackElo "2177"]
[PlyCount "111"]
[EventDate "2003.06.03"]
[EventType "swiss"]
[EventRounds "10"]
[EventCountry "EGY"]
[SourceTitle "CBM 094 Extra"]
[Source "ChessBase"]
[SourceDate "2003.07.09"]
[SourceVersion "2"]
[SourceVersionDate "2003.07.09"]
[SourceQuality "1"]

1. Nf3 Nf6 2. c4 e6 3. g3 b6 4. Bg2 Bb7 5. Nc3 Be7 6. d4 0-0 7. Qc2 d5 8. Ne5 c6 9. cxd5 cxd5 10. Qa4 Nfd7 11. Nf3 Nc6 12. 0-0 a6 13. a3 b5 14. Qd1 Nf6 15. Bg5 Rc8 16. e3 h6 17. Bxf6 Bxf6 18. a4 b4 19. Na2 a5 20. Nc1 Ba6 21. Nd3 Be7 22. Re1 Bxd3 23. Qxd3 Qd6 24. Nd2 Na7 25. Rec1 Qb6 26. Bf3 Rxc1+ 27. Rxc1 Rc8 28. Rxc8+ Nxc8 29. Qc2 Na7 30. Nb3 Qc6 31. Qxc6 Nxc6 32. g4 Bd8 33. Kf1 Kf8 34. Ke2 Ke7 35. e4 Bb6 36. Kd3 Kd6 37. Bg2 g5 38. h3 f6 39. Bf1 Ba7 40. Bg2 Bb6 41. Bf1 Ba7 42. Ke3 Nxd4 43. Nxd4 e5 44. exd5 Kxd5 45. Kd3 Bxd4 46. Bg2+ Kd6 47. Kc4 Bxb2 48. Kb5 Bd4 49. f3 b3 50. Bf1 b2 51. Bd3 Bc3 52. Kc4 Bd4 53. Kb5 Bc3 54. Kc4 Be1 55. Be4 Bd2 56. Kb5 1/2-1/2